Templos católicos neogóticos: Santiago de Chile, 1850-1950

Saved in:
Bibliografiske detaljer
Hovedforfatter: Pallarés Torres, Mirtha (autora)
Format: Bog
Sprog:spansk
Udgivet: Santiago, Chile: Universitaria, 2018.
Udgivelse:1a. ed.
Fag:
Tags: Tilføj Tag
Ingen Tags, Vær først til at tagge denne postø!

MARC

LEADER 00000cam a2200000 a 4500
001 UCC9249
003 CL-VaPUC
005 20230123100109.0
008 190914e20180000cl |||||||||||||||||spa|d
999 |c 375442  |d 375440 
020 |a 9789561125957 
040 |c Pontificia Universidad Católica de Valparaíso 
082 0 4 |a 726.109832 PAL 2018  |2 21 
100 |a Pallarés Torres, Mirtha  |e autora  |9 604214 
245 1 0 |a Templos católicos neogóticos: Santiago de Chile, 1850-1950 
250 |a 1a. ed. 
260 |a Santiago, Chile:  |b Universitaria,  |c 2018. 
300 |a 280 páginas. 
583 |a last modification  |c 20190914 23:07:00  |k Rodrigo Vera 
650 0 |a Arquitectura religiosa  |9 266677 
650 0 |a Diseños arquitectónicos  |2 CL-VaPUC  |9 370631 
650 0 |a Iglesias  |9 352850 
942 |c BK  |2 ddc 
945 |d 20190914 23:07:00  |a dcastane 
952 |0 0  |1 0  |3 erb  |4 0  |6 726_109832000000000_PAL_2018  |7 0  |8 A  |9 494415  |a BIBHIS  |b BIBHIS  |i 5561108  |o 726.109832 PAL 2018  |p 5561108  |r 2025-01-20  |w 2019-11-24  |y BK  |z Catalogado en:20190914  |k HIS 
952 |0 0  |1 0  |2 ddc  |4 0  |6 726_109832000000000_PAL_2018  |7 0  |8 A  |9 586821  |a BIBHIS  |b BIBHIS  |c GEN  |d 2022-09-23  |e 11  |g 21799.61  |i 5654777  |o 726.109832 PAL 2018  |p 5654777  |r 2025-01-20  |t 2  |v 21799.61  |w 2022-09-23  |y BK  |k HIS